Ils nous ont quitté en 2023, quel était leur nationalité ? (3) - Statistiques

Statistiques générales
  • Ce quiz a été pris 22 fois
  • Le résultat moyen est 12 sur 30
Statistiques - réponses
Hint Extra Hint Explanation Réponse % Correct
Geneviève de Fontenay Août 1 Organisatrice de concours de beauté Française
78%
Renata Scotto Août 16 Chanteuse lyrique Italienne
72%
Giorgio Napolitano Septembre 22 Homme politique Italienne
72%
Léon Gautier Juillet 3 Militaire Française
67%
Jacques Julliard Septembre 8 Journaliste Française
67%
Toto Cutugno Août 22 Chanteur Italienne
67%
Julien Marie-Sainte Août 25 Boxeur Française
61%
Jean-Louis Georgelin Août 18 Militaire Française
61%
Federico Bahamontes Août 8 Cycliste Espagnole
56%
Angus Cloud Juillet 31 Acteur Américaine
50%
Mohamed Al-Fayed Août 30 Homme d'affaires Egyptienne
50%
Tonny Bennett Juillet 21 Chanteur Américaine
44%
Evgueni Prigojine Août 23 Militaire et criminel de guerre Russe
44%
Miki Liukkonen Juillet 4 Guitariste Finlandaise
39%
David McCallum Septembre 25 Acteur Américaine
33%
Fernando Botero Septembre 15 Sculpteur Colombienne
33%
Roger Van Hool Août 28 Acteur Belge
28%
Trevor Francis Juillet 24 Footballeur Britannique
28%
Noël Tijou Septembre 23 Athlète Française
28%
Jane Birkin Juillet 16 Chanteuse Française
28%
Catherine Lachens Septembre 27 Actrice Française
28%
Sinead O'Connor Juillet 26 Chanteuse Irlandaise
28%
Henri Konan Bédié Août 1 Homme politique Ivoirienne
22%
Salif Keïta Septembre 2 Footballeur Malienne
22%
Joséphine Chaplin Juillet 13 Actrice Américaine
17%
Milan Kundera Juillet 11 Ecrivain Française
17%
Mangosuthu Buthelezi Septembre 9 Homme politique Sud-Africaine
17%
Lou Deprijck Septembre 19 Compositeur Belge
11%
Buichi Terasawa Septembre 8 Mangaka Japonaise
6%
Erwin Olaf Septembre 20 Photographe Néerlandaise
6%
Aucun quiz correspondant
Distribution des résultats
% des personnes avec chaque résultat
Percentile par nombre de réponses
Votre historique - résultats
Vous n’avez pas pris ce quiz